Southville International School and Colleges
Your cart is empty.
  • Cart
  • Lists
    Public lists Eva Luna New books Lux_list list_1
    Your lists Log in to create your own lists
  • Log in to your account
  • Your cookies
  • Search history
Southville International School and Colleges
  • Advanced search
  • Recent comments
  • Most popular
  • Libraries

Log in to your account

Log in with GOOGLE


If you do not have an external account, but do have a local account, you can still log in:

  1. Home
  2. MARC view: Key concepts in tourist studies /
Normal view MARC view ISBD view

Key concepts in tourist studies / (Record no. 24943)

[ view plain ]
MARC details
000 -LEADER
fixed length control field 00677nam a2200229 a 4500
003 - CONTROL NUMBER IDENTIFIER
control field PILC
005 - DATE AND TIME OF LATEST TRANSACTION
control field 20160224103310.0
008 - FIXED-LENGTH DATA ELEMENTS--GENERAL INFORMATION
fixed length control field 111013s19uu xx 00 eng d
020 ## - INTERNATIONAL STANDARD BOOK NUMBER
International Standard Book Number 9781412921053
050 ## - LIBRARY OF CONGRESS CALL NUMBER
Classification number G 155.A1
Item number .Sm62 2010
100 ## - MAIN ENTRY--PERSONAL NAME
Personal name Smith, Melanie.
245 ## - TITLE STATEMENT
Title Key concepts in tourist studies /
Statement of responsibility, etc Melanie Smith, Nicola Macleod and Margaret Hart Robertson.
260 ## - PUBLICATION, DISTRIBUTION, ETC. (IMPRINT)
Place of publication, distribution, etc London :
Name of publisher, distributor, etc Sage,
Date of publication, distribution, etc 2010.
300 ## - PHYSICAL DESCRIPTION
Extent 208 pages ;
Dimensions 24 cm.
500 ## - GENERAL NOTE
General note Includes bibliographical resources and index.
650 ## - SUBJECT ADDED ENTRY--TOPICAL TERM
Topical term or geographic name as entry element Tourism.
700 ## - ADDED ENTRY--PERSONAL NAME
Personal name Macleod, Nicola.
700 ## - ADDED ENTRY--PERSONAL NAME
Personal name Robertson, Margareth Hart.
942 ## - ADDED ENTRY ELEMENTS (KOHA)
Koha item type Books
Source of classification or shelving scheme Library of Congress Classification
Call number prefix Foreign
Holdings
Withdrawn status Lost status Source of classification or shelving scheme Damaged status Home library Current library Shelving location Date acquired Source of acquisition Total Checkouts Full call number Barcode Date last seen Copy number Price effective from Koha item type
    Library of Congress Classification   College Library College Library General Circulation Section 01/13/2014 Library Fund   G 155.A1 .Sm62 2010 C13749 05/15/2018 2 01/13/2014 Books

Key concepts in tourist studies /

APA

Smith M., Macleod N. & Robertson M. H. (2010). Key concepts in tourist studies. London: Sage.

Chicago

Smith Melanie, Macleod Nicola and Robertson Margareth Hart. 2010. Key concepts in tourist studies. London: Sage.

Harvard

Smith M., Macleod N. and Robertson M. H. (2010). Key concepts in tourist studies. London: Sage.

MLA

Smith Melanie, Macleod Nicola and Robertson Margareth Hart. Key concepts in tourist studies. London: Sage. 2010.

  • Place hold
  • Print
  • Cite
  • Add to your cart (remove)
  • Save record
    BIBTEX Dublin Core MARCXML MARC (non-Unicode/MARC-8) MARC (Unicode/UTF-8) MARC (Unicode/UTF-8, Standard) MODS (XML) RIS
  • More searches
    Search for this title in:
    Other Libraries (WorldCat) Other Databases (Google Scholar) Online Stores (Bookfinder.com) Open Library (openlibrary.org)

Exporting to Dublin Core...

SOUTHVILLE LIBRARY

Southville International School and Colleges Library

1281 Tropical Ave. Cor. Luxembourg St., BF Homes International, Las Pinas City

Tel. No. 8256374 / 252358 Loc. 117/146

Powered by Koha